[Event "2nd Sampa STD Open 2025"]
[Site "Sao Paulo"]
[Date "2025.02.01"]
[Round "3"]
[White "Ikejiri, Daniel Yoshito"]
[Black "Ribeiro, Matheus Mendes Domin"]
[Result "1/2-1/2"]
[Annotator "TA"]
[WhiteElo "1954"]
[BlackElo "2328"]
[PlyCount "131"]
[EventDate "2025.02.01"]
[EventType "swiss"]
[EventCountry "BRA"]
[SourceTitle "playchess.com"]
[Source "ChessBase"]
[SourceQuality "1"]
[TimeControl "5400+30"]

{[%evp 14,129,62,58,56,-17,0,-4,-6,-7,0,-18,-15,-29,0,-3,28,-21,-4,-27,-37,-33,-41,-37,-26,-36,-32,-25,-31,-33,-24,-28,-15,-13,-12,-18,6,-15,-15,-47,-40,-43,-35,-42,-34,-42,-29,-43,-30,-27,0,0,9,0,0,-4,0,-8,-7,-79,-79,-83,-81,-100,-104,-100,-102,-105,-97,-98,-14,-22,0,-9,0,0,0,0,0,-13,-13,-12,-13,-13,-13,-17,-12,-13,-12,-13,0,0,0,0,0,0,0,0,0,0,0,0,0,0,0,0,0,0,0,0,0,0,0,0,0,0,0,0]} 1. e4 c5 2. Nf3 {[%cal Bg1f3,Bf3d4,Bd4b3,Bb3d2,Bd2e4][%mdl 32]} Nc6 3. d4 cxd4 4. Nxd4 Nf6 5. Nc3 d6 6. Bg5 Qa5 7. Bxf6 {7.Bb5 is not played anymore.} gxf6 8. Nb3 Qg5 $1 {[%mdl 4] outshines the older 8...Qd8. B60: Sicilian: Richter-Rauzer: Unusual Black 6th moves and 6...Bd7 without 7 Qd2.} 9. Qd2 (9. Nd5 $14) 9... Qxd2+ $11 10. Nxd2 f5 {Not much happening anymore. The position is equal.} 11. O-O-O Bg7 12. Nd5 {[#]} Rb8 $146 (12... Kd8 13. c3 Bh6 14. Ne3 fxe4 15. Nxe4 Kc7 16. Ng3 e6 17. Kb1 f5 18. Nc4 Rd8 {0-1 Zhurova,A (2181)-Yakimova,M (2231) Khanty-Mansiysk TOP 28 Blitz GP (Women) 2023 (5)}) 13. Bd3 fxe4 14. Nxe4 O-O 15. Bb5 (15. Kb1 {is superior.}) 15... Kh8 16. c3 e6 17. Bxc6 bxc6 18. Ne7 {[%cal Oe7c8] and Nxc8! would now be decisive} d5 19. Nxc8 $1 (19. Nxc6 $2 {perishes.} Rb6 20. Nxa7 dxe4 21. Nxc8 Rxc8 $19) 19... Rfxc8 20. Nd2 c5 21. Kc2 Rb6 22. Rb1 Rcb8 23. b3 Ra6 24. a4 Rc8 25. c4 Bh6 26. Ra1 Bxd2 27. Kxd2 dxc4 28. bxc4 $15 {[%mdl 4096] Endgame KRR-KRR} Rd8+ 29. Ke2 Rd4 30. Rhc1 Kg7 31. a5 Rad6 32. Rc2 Rd3 33. Rb1 Ra3 34. Rb5 Rc6 35. Rd2 Rc7 {Dodges Rd7} 36. Rd6 (36. Rdb2 $11) 36... Rc3 $17 37. a6 Rxc4 38. Rb7 Rxb7 39. axb7 {KR-KR. Black is a pawn up.} Rb4 40. Rc6 Rxb7 41. Rxc5 {[#]} Rd7 (41... Rb2+ $1 $17 42. Kf3 Ra2) 42. Ra5 $11 Kf8 43. Ke3 Ke8 44. g4 Kd8 45. f4 Kc8 46. Ke4 Kb7 47. Rh5 Kb6 48. f5 exf5+ 49. gxf5 a5 50. Rxh7 a4 51. Rh3 f6 52. Ra3 Kb5 53. Ra1 Re7+ 54. Kf4 Rh7 55. Kg3 Ra7 56. h4 Kb4 57. Kg4 a3 58. Kh5 Rg7 59. Kh6 Rg2 60. Rb1+ Kc3 61. Rb8 Rg3 62. Ra8 Kb2 {...a2 is the strong threat.} 63. Rb8+ $1 Ka1 64. h5 a2 65. Rb6 Rb3 66. Rxb3 {Weighted Error Value: White=0.09 (flawless) /Black=0.19 (very precise)   Mistake:       	White=3     	Black=1      Inaccurate:     	White=1     	Black=3      OK:         	White=28    	Black=22     Best:        	White=3     	Black=4      Strong:       	White=2     	---} 1/2-1/2

[Event "2nd Sampa STD Open 2025"]
[Site "Sao Paulo"]
[Date "2025.02.01"]
[Round "4"]
[White "Perdomo, Leandro"]
[Black "Ikejiri, Daniel Yoshito"]
[Result "1-0"]
[Annotator "TA"]
[WhiteElo "2364"]
[BlackElo "1954"]
[PlyCount "73"]
[EventDate "2025.02.01"]
[EventType "swiss"]
[EventCountry "BRA"]
[SourceTitle "playchess.com"]
[Source "ChessBase"]
[SourceQuality "1"]

{[%evp 25,73,27,30,30,30,28,22,20,23,26,27,5,55,60,60,55,61,57,63,54,85,76,79,76,81,85,116,114,116,112,134,133,141,146,146,140,221,226,226,213,213,220,226,219,202,210,427,426,403,394]} 1. d4 d5 2. c4 e6 3. Nc3 Nf6 4. cxd5 exd5 5. Bg5 Be7 6. e3 O-O 7. Bd3 h6 8. Bh4 Re8 9. Nf3 Nbd7 10. Qc2 c6 11. O-O Ne4 12. Bxe4 Bxh4 13. Bh7+ Kh8 14. Nxh4 {D36: Queen's Gambit Declined: Exchange Variation: Main line (5 Bg5 c6 6 Qc2).} Qxh4 15. Bd3 Nf6 16. Rae1 $1 {[%mdl 4] The position is equal. is currently scoring better than 16.b4.} Bd7 17. f3 Rad8 18. b4 $146 (18. Qf2 {simplifies} Qxf2+ 19. Kxf2 g6 20. b4) (18. Qf2 Qxf2+ 19. Kxf2 b6 20. b4 c5 21. bxc5 bxc5 22. dxc5 Rc8 23. Nb5 Rxc5 24. Nd6 {0-1 Navara,D (2689)-Le,Q (2728) Biel Blitz 56th 2023 (2)}) 18... b5 (18... Qg5 $11) 19. a4 $14 a6 20. Qf2 Qxf2+ 21. Kxf2 Re7 22. Ra1 Be6 23. axb5 axb5 24. Ra6 Rc7 25. Rc1 {[%cal Oc3b5] Nxb5! is the strong threat.} Rcc8 26. Nb1 {[%cal Bc3b1,Bb1d2,Bd2b3,Bb3c5,Bc5d3][%mdl 32]} Bd7 27. Nd2 $36 {[%mdl 2048] Keeping Black busy.} Ra8 28. Rca1 {[%cal Bc1a1,Ba1a6,Ba6a8][%mdl 32] White is more active.} Rxa6 29. Rxa6 Kg8 30. Nb3 g6 (30... Be8 $16 31. h4 h5) 31. Nc5 $18 Be8 32. Bxb5 Rb8 33. Bxc6 Rxb4 34. Ra8 Kf8 35. Nd3 {Prevents Rb2+.} Rc4 {[#]} (35... Rb6 {was called for.}) 36. Bxe8 Nxe8 37. Nf4 {Weighted Error Value: White=0.02 (flawless) /Black=0.22 (precise)   Mistake:       	---       	Black=3      Inaccurate:     	---       	Black=2      OK:         	White=11    	Black=8      Best:        	White=3     	---} 1-0

[Event "2nd Sampa STD Open 2025"]
[Site "Sao Paulo"]
[Date "2025.02.01"]
[Round "4"]
[White "De Siqueira, Luigy Lira"]
[Black "Marra, Eduardo da Costa"]
[Result "1-0"]
[Annotator "TA"]
[WhiteElo "2252"]
[BlackElo "2195"]
[PlyCount "97"]
[EventDate "2025.02.01"]
[EventType "swiss"]
[EventCountry "BRA"]
[SourceTitle "playchess.com"]
[Source "ChessBase"]
[SourceQuality "1"]

{[%evp 11,97,-9,-5,0,-4,0,4,0,0,0,0,0,6,0,7,21,20,20,19,0,58,-15,58,-13,12,-34,23,0,2,5,7,0,0,0,0,0,0,0,36,14,18,0,0,0,0,0,60,71,66,0,0,0,0,0,133,134,146,110,129,115,172,132,173,182,282,264,447,459,454,445,985,964,973,948,925,906,1441,1441,29980,29982,29979,29980,29989,29990,29990,29983,29983,29984]} 1. e4 e5 2. Nf3 Nc6 3. d4 exd4 4. Nxd4 Nf6 5. Nxc6 bxc6 6. Nd2 d5 7. exd5 {C45: Scotch Game.} cxd5 8. Bb5+ Bd7 9. Bxd7+ {The position is equal.} Qxd7 10. O-O Be7 11. b3 O-O {[%cal Bh8f8,Bf8e8,Be8e4][%mdl 32]} 12. Bb2 Qf5 13. Re1 $1 {[%mdl 4] now scores much better than the old 13.Nf3.} Bd6 14. Nf3 $146 (14. Qf3 Qxc2 15. Bxf6 Qxd2 16. Rad1 Qh6 17. Be5 Bxe5 18. Rxe5 c6 19. Rde1 Qd6 20. g3 {½-½ Hou,Y (2632)-Harika,D (2509) Speed Chess (Women) blitz 2023 (3.19)}) 14... Rfe8 15. Qd2 Rad8 (15... Ne4 $11 16. Qd4 Bf8) 16. Rad1 (16. Nh4 $14 Qh5 17. Bxf6 gxf6 18. Rxe8+ Rxe8 19. Nf3) 16... h6 (16... Ne4 $11 17. Qd4 Bf8) 17. a4 (17. Nh4 $14 Qg5 18. Qxg5 hxg5 19. Nf5) 17... Re4 18. h3 (18. Bd4 $11) 18... c5 (18... Bb4 $15 19. Bc3 Be7) 19. Kf1 d4 20. Rxe4 Nxe4 (20... Qxe4 {simplifies} 21. Qd3 Qxd3+ 22. Rxd3 Nd5) 21. Qa5 {[%csl LRa7,LRd8]} Qd7 22. Re1 Re8 {[%cal Bd8e8,Be8e6,Be6d6][%mdl 32]} 23. Qa6 Qe6 24. Qd3 {Against Nd2+} Qf5 25. Kg1 (25. b4 $5) 25... Qg6 26. c3 Re6 {[#] Strongly threatening ...Ng5.} 27. Rd1 $1 (27. cxd4 Ng5 28. Rd1 (28. Ne5 $2 Rxe5 29. dxe5 Qxd3 $19) 28... Nxh3+ 29. Kf1 Qh5) 27... dxc3 28. Bxc3 Bg3 29. fxg3 $14 Rd6 30. Qc2 (30. Bd4 $1 $14 Nxg3 (30... cxd4 31. Nh4 $15) 31. Qxg6 fxg6 32. Kf2 Ne4+ (32... Nf5 33. b4 $16) 33. Ke2 (33. Ke3 Nf6 $16) 33... cxd4 34. Rxd4) 30... Nxc3 $11 31. Rd2 Rxd2 32. Qxd2 {[%mdl 4096] Endgame KQN-KQN} Qf6 (32... Ne4 $11 {remains equal.} 33. Qd8+ Kh7) 33. Qe3 $16 {Black is now going downhill.} a6 34. Qxc5 g6 35. Kh2 Ne4 (35... h5 $16 36. Qc8+ Kh7) 36. Qc8+ Kh7 37. Qc4 Qe7 (37... Qe6 {keeps fighting.}) 38. b4 $18 (38. Qxa6 $6 Qc7 $18) 38... f5 $2 (38... Qe6 39. Qxe6 fxe6) 39. b5 (39. Qxa6 Qc7 $18) 39... axb5 40. axb5 {[%cal Ba4b5,Bb5b6,Bb6b7][%mdl 32]} Qd6 (40... Nd6 $142 41. Qc5 Qe6 42. Qc7+ Kg8) 41. Qf7+ Kh8 42. Qe8+ Kg7 43. Ne5 {Qf7+ would kill now.} Kf6 {[#]} 44. b6 $1 Qa3 (44... Qb4 45. Qh8+) 45. Nd7+ {White mates.} Kg7 46. Qe5+ Kh7 47. b7 f4 48. Nf6+ (48. b8=B $2 {loses.} fxg3+ $19) 48... Nxf6 49. Qc7+ {Weighted Error Value: White=0.13 (very precise) /Black=0.63  Mistake:       	White=4     	Black=9      Inaccurate:     	---       	Black=2      OK:         	White=16    	Black=9      Best:        	White=1     	Black=2      Strong:       	White=1     	---} (49. b8=B Qxg3+ 50. Kh1 Nd5 $11) 1-0

[Event "2nd Sampa STD Open 2025"]
[Site "Sao Paulo"]
[Date "2025.02.01"]
[Round "4"]
[White "Cunha, Lucas Aguiar"]
[Black "Contreras Huaman, Fiorella"]
[Result "0-1"]
[Annotator "TA"]
[WhiteElo "2222"]
[BlackElo "2170"]
[PlyCount "98"]
[EventDate "2025.02.01"]
[EventType "swiss"]
[EventCountry "BRA"]
[SourceTitle "playchess.com"]
[Source "ChessBase"]
[SourceQuality "1"]

{[%evp 12,98,13,4,10,0,18,11,9,-4,27,6,16,-6,1,-10,0,-16,-22,-21,-12,-81,-71,-103,-95,-80,0,0,0,0,0,0,0,0,10,-4,0,-4,-6,-31,-28,-30,-20,-20,-18,-19,-29,-40,-9,-9,-11,-11,-13,-16,-17,-104,-110,-151,-155,-150,-150,-159,-163,-281,-187,-746,-787,-987,-635,-1271,-1174,-1136,-1133,-1008,-1197,-1252,-1281,-1242,-1257,-1133,-969,-1093,-958,-29985,-29982,-29982,-29983,-29980,-29977]} 1. e4 c6 2. Nc3 d5 3. Nf3 Bg4 4. h3 Bxf3 5. Qxf3 e6 6. d3 Nd7 7. g3 Bc5 {B11: Caro-Kann: Two Knights Variation.} 8. Bg2 Ne7 9. Qe2 O-O {The position is equal.} 10. h4 $146 (10. O-O d4 11. Nb1 Bd6 12. Nd2 b5 13. Nf3 e5 14. h4 f6 15. Bh3 f5 16. Ng5 {1-0 Mijatovic,D (2097)-Cuzovic,O (1910) SRB-ch U18 Novi Sad 2021 (8)}) 10... f5 11. exd5 exd5 12. h5 {Repels Ng6} d4 13. Nb1 Nd5 14. Bxd5+ cxd5 15. Qe6+ Rf7 16. O-O (16. Qxd5 $11 Qe7+ 17. Kf1) 16... Nf8 $17 17. Qe5 Qd7 {[%cal Of5f4]} 18. c4 {[#]} Re8 ({Better is} 18... dxc3 $1 $17 19. Nxc3 Re8 20. Qxd5 b6) 19. Qxd5 $11 Qxd5 20. cxd5 Rd7 21. Nd2 Rxd5 {[%cal Of5f4]} 22. Nf3 $1 Nd7 23. Kg2 Bd6 24. h6 Nc5 25. Re1 {Prevents f4.} (25. hxg7 $5 f4 (25... Kxg7 26. Rd1 $11) (25... Nxd3 26. Rd1 $11) 26. gxf4 $11 (26. Bxf4 Bxf4 27. gxf4 Nxd3 $17)) 25... Rxe1 26. Nxe1 g6 27. Bd2 Kf7 28. Rc1 Be7 29. Nf3 Bf6 (29... Nxd3 30. Rc7 Ke6 31. Rxb7 $16) 30. Bg5 Ne6 31. Bxf6 Kxf6 {[%mdl 4096] Endgame KRN-KRN} 32. Rc8 g5 33. Rg8 (33. Ra8 $11 {remains equal.}) 33... g4 $17 {Black keeps a firm grip on the game.} 34. Nh4 Rd8 35. Rxd8 Nxd8 {KN-KN} 36. Kf1 Nf7 {[%cal Of7e5]} 37. Ke2 (37. f4 $142) 37... Nxh6 {[%cal Of5f4]} 38. Kd2 $2 {[#]} (38. Kf1) 38... f4 $1 $19 {[%mdl 512]} 39. gxf4 (39. Ng2 fxg3) 39... Nf5 40. Ng2 h5 41. Ke2 h4 {White must now prevent ...h3.} 42. Kf1 h3 {[%cal Oh3h2] ( -> ...h2!)} 43. Ne1 Nh4 {( -> ...h2)} 44. Kg1 Kf5 45. Nc2 Nf3+ 46. Kh1 Kxf4 47. Nb4 Ne5 {Black mates.} 48. Kg1 Kf3 49. Nc2 h2+ {Weighted Error Value: White=0.51/Black=0.08 (flawless)   Mistake:       	White=4     	Black=1      Inaccurate:     	White=2     	Black=3      OK:         	White=9     	Black=11     Best:        	White=3     	Black=3      Strong:       	White=1     	---        Brilliant:      	---       	Black=1} 0-1

[Event "2nd Sampa STD Open 2025"]
[Site "Sao Paulo"]
[Date "2025.02.01"]
[Round "4"]
[White "Tsuboi, Edson Kenji"]
[Black "Santos, Marcus Vinicius More"]
[Result "1/2-1/2"]
[Annotator "TA"]
[WhiteElo "2187"]
[BlackElo "2310"]
[PlyCount "19"]
[EventDate "2025.02.01"]
[EventType "swiss"]
[EventCountry "BRA"]
[SourceTitle "playchess.com"]
[Source "ChessBase"]
[SourceQuality "1"]

{[%evp 9,19,12,24,21,31,3,14,2,6,6,16,-15]} 1. e4 e6 2. d4 d5 3. Nd2 h6 4. Ngf3 Nf6 5. Bd3 c5 6. c3 {C03: French Tarrasch: Unusual Black 3rd moves.} cxd4 {is the legacy move (6...Nc6).} 7. cxd4 dxe4 {The position is equal.} 8. Nxe4 Nxe4 9. Bxe4 Bb4+ 10. Nd2 $146 {An uneventful encounter.   Inaccurate:     	White=2     	---        OK:         	---       	Black=1} (10. Bd2 Bxd2+ 11. Qxd2 Nd7 12. Qb4 Qe7 13. Qxe7+ Kxe7 14. Rc1 Nf6 15. Bxb7 Rb8 16. Bxc8 Rhxc8 17. Rxc8 Rxc8 {½-½ Kovacevic,A (2571)-Sedlak,N (2577) SRB-ch Vrnjacka Banja 2013 (5)}) 1/2-1/2

[Event "2nd Sampa STD Open 2025"]
[Site "Sao Paulo"]
[Date "2025.02.01"]
[Round "4"]
[White "Saito, Vinicius"]
[Black "Ramalho, Lucas Pereira"]
[Result "1/2-1/2"]
[Annotator "TA"]
[WhiteElo "2091"]
[BlackElo "1758"]
[PlyCount "72"]
[EventDate "2025.02.01"]
[EventType "swiss"]
[EventCountry "BRA"]
[SourceTitle "playchess.com"]
[Source "ChessBase"]
[SourceQuality "1"]
[TimeControl "5400+30"]

{[%evp 14,72,-10,-35,-45,-52,-30,-41,29,14,44,31,28,31,30,30,35,12,26,20,25,0,6,0,6,24,17,7,17,-14,13,0,25,20,29,33,44,8,103,12,22,0,24,12,72,-14,37,43,48,41,76,42,66,0,0,0,0,-49,0,0,-7]} 1. e4 c5 2. Nf3 Nc6 3. Bb5 e6 4. Bxc6 bxc6 5. O-O Ne7 6. b3 Ng6 7. Bb2 f6 8. d4 cxd4 {B30: Sicilian: 2...Nc6 3 Bb5, lines without ...g6.} 9. Nxd4 e5 $1 10. Nf5 d6 $146 (10... d5 $15) (10... d5 11. Ng3 Be6 12. Nd2 Qd7 13. c4 d4 14. Nf3 c5 15. Ne1 Bd6 16. Nd3 O-O {0-1 Diaz Mino,D (2100)-Cuenca Jimenez,J (2558) Alicante Easter op 6th 2022 (2)}) 11. Qh5 $11 Qc7 12. Rd1 Be6 13. c4 $1 Rd8 14. Nc3 Bf7 $1 15. Qg4 h5 16. Qf3 Nf4 17. g3 Nh3+ 18. Kg2 Ng5 19. Qd3 g6 20. Nh4 Qd7 21. f3 Be7 22. Bc1 Kf8 23. Be3 Kg7 24. Rd2 {Active counter play!} Be6 25. Rad1 Qb7 (25... Nf7 $11) 26. Kh1 ({White should play} 26. f4 $16 Bh3+ 27. Kh1) 26... Nf7 27. f4 {[%cal Bf3f4,Bf4f5][%mdl 32]} Bg4 28. Rf1 Bh3 (28... Rhe8 $11 {keeps the balance.}) 29. Rff2 (29. Rc1 $16) 29... Nh6 ({Black should play} 29... Rhe8 $1 $11) 30. f5 $14 g5 31. Ng6 {Strong Square White (g6) Inhibits Ng4.} Rhe8 {[%cal Od6d5]} 32. Nxe7 (32. g4 {is interesting.} Nxg4 33. Rf3 d5 34. cxd5 Bb4 35. d6) 32... Rxe7 {[#]} 33. Bxg5 {[%csl Oa7,Oh5] Black has weak pawns} Ng4 $11 34. Be3 Nxf2+ 35. Rxf2 (35. Bxf2 $11 {should be considered.} Red7 36. Be1) 35... Kf7 (35... Kh8 $15 36. Rd2 Rdd7) 36. Rd2 Red7 {Weighted Error Value: White=0.22 (precise) /Black=0.22 (precise)   Mistake:       	White=4     	Black=5      Inaccurate:     	White=3     	Black=3      OK:         	White=6     	Black=8      Best:        	White=2     	Black=2      Strong:       	White=1     	Black=2} 1/2-1/2

[Event "2nd Sampa STD Open 2025"]
[Site "Sao Paulo"]
[Date "2025.02.01"]
[Round "4"]
[White "Poeta, Caio Medeiros"]
[Black "Lavigne Lopez, Raul Leonardo"]
[Result "1-0"]
[Annotator "NA RC"]
[WhiteElo "2088"]
[BlackElo "2138"]
[PlyCount "74"]
[EventDate "2025.02.01"]
[EventType "swiss"]
[EventCountry "BRA"]
[SourceTitle "playchess.com"]
[Source "ChessBase"]
[SourceQuality "1"]
[TimeControl "5400+30"]

1. d4 e6 2. c4 d5 3. Nf3 Nf6 4. g3 h6 5. Bg2 Bd6 6. O-O O-O 7. Nc3 Nc6 8. e3 dxc4 9. Qa4 e5 10. dxe5 Nxe5 11. Nxe5 Bxe5 12. Qxc4 c6 13. e4 Be6 14. Qb4 Qc7 15. Be3 Ng4 16. Bd4 Bxd4 17. Qxd4 Rfd8 18. Qb4 a5 19. Qa3 Rd2 20. Rad1 Rc2 21. Rc1 Rxc1 22. Rxc1 Qb6 23. Rc2 Qb4 24. Rd2 Qxa3 25. bxa3 Kf8 26. a4 Ke7 27. Rb2 Rb8 28. h3 Ne5 29. f4 Nc4 30. Rb1 f6 31. g4 Kd6 32. Kf2 Kc7 33. Rd1 Rd8 34. Rxd8 Kxd8 35. Bf1 Kc7 36. Bxc4 Bxc4 37. Ke3 Kb8 1-0

[Event "2nd Sampa STD Open 2025"]
[Site "Sao Paulo"]
[Date "2025.02.01"]
[Round "4"]
[White "Grillo, Carlos Henrique Gome"]
[Black "Santiago, Yago De Moura"]
[Result "0-1"]
[Annotator "TA"]
[WhiteElo "1982"]
[BlackElo "2451"]
[PlyCount "66"]
[EventDate "2025.02.01"]
[EventType "swiss"]
[EventCountry "BRA"]
[SourceTitle "playchess.com"]
[Source "ChessBase"]
[SourceQuality "1"]

{[%evp 9,66,0,0,0,0,0,0,-4,8,0,17,-31,-25,-26,-12,-23,-4,-17,0,-43,-33,-108,-93,-97,-109,-133,-127,-163,-183,-181,-176,-239,-242,-250,-241,-242,-44,-243,14,-395,-383,-381,-396,-401,-394,-460,-458,-515,-508,-600,-585,-707,-690,-1751,-1697,-29986,-29987,-29998,-29999]} 1. c4 e6 2. g3 f5 3. f4 Nf6 4. Bg2 d5 5. cxd5 $146 (5. b3 Bd6 6. d3 c6 7. Bb2 O-O 8. Nd2 dxc4 9. bxc4 Ng4 10. Bd4 Bxf4 11. gxf4 Qxd4 {0-1 Hickl,N (1080)-Suarez,I (2208) RF-2017-0-00385}) 5... exd5 6. Nf3 {A13: English Opening: 1...e6.} Bd6 7. e3 O-O 8. O-O {The position is equal.} c6 9. b3 a5 10. a4 (10. Bb2 $11) 10... Na6 $15 {[%cal Bb8a6,Ba6b4,Bb4d3][%mdl 32]} 11. Nc3 Qe7 12. Re1 Ne4 13. Bb2 Nb4 14. d4 b6 (14... Rf6 {looks sharper.} 15. Ne5 Rh6 16. Na2 g5) 15. Nxe4 (15. Ne5 $15) 15... fxe4 16. Ne5 {[#] Dodges Bg4} Bxe5 $1 17. dxe5 {[#]} Nd3 $1 $36 {[%mdl 2048] Black has strong initiative. Black is more active.} 18. Re2 Bg4 {[%cal Od3b2] White must now prevent ...Nxb2!.} 19. Ba3 c5 {[%cal Ob6b5]} 20. Qd2 (20. Bf1 $142) 20... Bxe2 21. Qxe2 {[#]} b5 $1 22. axb5 Rab8 $2 (22... a4 $19 23. bxa4 Rxa4) 23. Qc2 (23. Rd1 $1 $15) 23... Rxb5 $2 (23... Qb7 $19 24. Bh3 Kh8 (24... Qxb5 25. Be6+ Kh8 26. Bxd5 $14) 25. Bxc5 Qc7) 24. Bf1 $2 {[%mdl 8192]} (24. Bxe4 $1 $11 dxe4 25. Qc4+ Qf7 26. Qxb5) 24... Qb7 $19 25. Bxd3 exd3 26. Qxd3 Rxb3 27. Qc2 Rc8 ({Not} 27... Rxe3 28. Qxc5 (28. Bxc5 $2 {is the wrong capture.} Rc8 $19) 28... Rxa3 29. Qxa3 $11) 28. Qf5 h6 {[%cal Od5d4]} 29. e6 Rxe3 30. Rb1 Qe7 31. Bxc5 Qxc5 32. Qf7+ Kh8 33. Rb7 Re2+ {Weighted Error Value: White=0.98/Black=0.32  Loses game:     	White=2     	---        Missed win:     	---       	Black=2      Mistake:       	White=3     	---        Inaccurate:     	White=2     	---        OK:         	White=4     	Black=8      Best:        	---       	Black=2      Strong:       	---       	Black=2} 0-1

[Event "2nd Sampa STD Open 2025"]
[Site "Sao Paulo"]
[Date "2025.02.01"]
[Round "4"]
[White "Mariot Vaz, Joao Antonio Bertolu"]
[Black "Silva, Caio Henrique Angeli"]
[Result "0-1"]
[Annotator "TA"]
[WhiteElo "1982"]
[BlackElo "2197"]
[PlyCount "62"]
[EventDate "2025.02.01"]
[EventType "swiss"]
[EventCountry "BRA"]
[SourceTitle "playchess.com"]
[Source "ChessBase"]
[SourceQuality "1"]

{[%evp 9,61,30,27,16,30,27,27,33,31,0,23,5,6,8,28,-39,-35,-32,0,-20,0,-42,-23,-23,0,-20,1,0,33,34,26,26,30,0,58,-25,-28,-59,-56,-62,-56,-89,-87,-81,-49,-105,-41,-302,-92,-1361,-54,-29998,-1451,-29999]} 1. e4 e5 2. Nf3 Nc6 3. Bb5 {[%cal Bf1b5,Bb5a4,Ba4b3][%mdl 32]} a6 4. Ba4 Nge7 5. O-O Ng6 6. c3 d5 7. exd5 Qxd5 8. Bb3 {White has an edge.} Qd3 9. Re1 Be7 {Inhibits Ng5.} 10. Bc2 Qd6 11. d4 exd4 12. cxd4 (12. Nxd4 $11 Nxd4 13. cxd4) 12... Bg4 $15 13. Be3 O-O 14. Nbd2 (14. Be4 $5) 14... Rad8 15. Qe2 Nb4 16. Bb3 Nh4 17. h3 Nxf3+ 18. Nxf3 Bh5 19. g4 {[%cal Oe3d2] Hoping for Bd2!} Bg6 20. Ne5 {Repels Nd3} Bf6 21. Bf4 {Threatens to win with Nxg6.} Qb6 (21... Qxd4 $11 22. Nxg6 hxg6 23. Bxc7 Rd7) 22. Nxg6 (22. Rad1 $14) 22... hxg6 $11 23. Be5 Nc6 24. Bxf6 gxf6 25. Qe4 Kg7 (25... Qxd4 $2 26. Qxg6+ Kh8 27. Qh6+ (27. Bxf7 Qf4 $16) 27... Kg8 28. Rad1 $18) 26. d5 Ne5 (26... Nd4 {simplifies} 27. Rac1 Nxb3 28. axb3 Qxb3 29. Re3 Qxb2 30. Rxc7 b5) 27. Kg2 {[#]} (27. Qe3 $15) 27... Rh8 {Black is more active.} (27... g5 $1 $17 {aiming for ...Ng6.} 28. Qe3 Qd6) 28. Rac1 $2 {[%mdl 8192] [#]} (28. Qe3 $15) 28... g5 $2 (28... Rxh3 $1 $19 {[%cal Oh3h2] ( -> ...Rh2+!)} 29. Rh1 (29. Kxh3 Qxf2) 29... Nd3 30. Rxh3 Qxf2+ (30... Nxc1 $2 31. Qf4 $18) 31. Kh1 Nxc1) 29. Qc4 $2 {[%mdl 8192]} Ng6 $2 (29... Nxc4 $19 30. Rc3 Ne5 (30... Nxb2 $2 31. Re7 $19)) 30. Kh2 {[%mdl 8192]} (30. Qxc7 $2 {perishes.} Nf4+ $19) (30. d6 $15 Nf4+ 31. Kg1 (31. Kf1 Rdf8 $17) 31... Nxh3+ 32. Kh1) 30... Nf4 (30... Qxf2+ $142 31. Kh1 Rxh3#) 31. Rg1 Rxh3# {Weighted Error Value: White=0.88/Black=0.60.  Loses game:     	White=3     	---        Missed win:     	---       	Black=2      Mistake:       	White=3     	Black=2      Inaccurate:     	White=6     	Black=3      OK:         	White=7     	Black=6      Best:        	White=1     	Black=1} 0-1